[Event "Bari op"]
[Site "Bari"]
[Date "2003.01.25"]
[Round "4"]
[White "Sarno, Carlo"]
[Black "Palma, Antonio"]
[Result "0-1"]
[WhiteElo "1659"]
[BlackElo "1813"]
[PlyCount "112"]
[EventDate "2003.01.18"]
[EventType "swiss"]
[EventRounds "6"]
[EventCountry "ITA"]
[SourceTitle "EXT 2023"]
[Source "ChessBase"]
[SourceDate "2022.10.05"]
[SourceVersion "1"]
[SourceVersionDate "2022.10.05"]
[SourceQuality "1"]

1. e4 c5 2. Nf3 e6 3. d4 cxd4 4. Nxd4 Nc6 5. Nxc6 bxc6 6. Bd3 e5 7. 0-0 Nf6 8. h3 Be7 9. Nc3 Rb8 10. b3 0-0 11. f4 d6 12. fxe5 dxe5 13. Be3 Qa5 14. Ne2 Rd8 15. Qc1 Ba6 16. Bxa6 Qxa6 17. Ng3 Rd7 18. Rd1 Ba3 19. Qb1 Rbd8 20. Rxd7 Rxd7 21. c4 c5 22. Qc2 Qd6 23. Re1 Bb4 24. Re2 h6 25. Kh2 Qc6 26. Bc1 Qe6 27. a3 Ba5 28. Be3 Qc6 29. Bc1 h5 30. Bg5 Nh7 31. Bc1 g6 32. Nf1 Nf8 33. Ne3 Ne6 34. Bb2 Qd6 35. Nd5 Nd4 36. Bxd4 exd4+ 37. Kg1 Qe5 38. Qd3 Bd8 39. g3 Bg5 40. Kg2 a5 41. Rf2 Rd6 42. Qf3 Qg7 43. h4 Bd8 44. e5 Re6 45. Nf6+ Bxf6 46. exf6 Qf8 47. Qd5 Qc8 48. Qg5 Qc6+ 49. Kh2 Re1 50. Rg2 d3 51. Qd2 Ra1 52. Qxd3 Qxf6 53. a4 Rf1 54. Qd2 Qa1 55. g4 Qe5+ 56. Kh3 Rf3+ 0-1

[Event "Bari op"]
[Site "Bari"]
[Date "2003.01.18"]
[Round "1"]
[White "Rizzo, Giovanbattista"]
[Black "Sarno, Carlo"]
[Result "1-0"]
[WhiteElo "2092"]
[BlackElo "1659"]
[PlyCount "55"]
[EventDate "2003.01.18"]
[EventType "swiss"]
[EventRounds "6"]
[EventCountry "ITA"]
[SourceTitle "EXT 2023"]
[Source "ChessBase"]
[SourceDate "2022.10.05"]
[SourceVersion "1"]
[SourceVersionDate "2022.10.05"]
[SourceQuality "1"]

1. d4 d5 2. c4 Nf6 3. cxd5 Nxd5 4. Nf3 e6 5. e4 Nf6 6. Nc3 a6 7. Bg5 Be7 8. Bd3 Nc6 9. Rc1 0-0 10. Bb1 Ne8 11. Be3 Bd7 12. 0-0 Kh8 13. a3 Na7 14. Qc2 g6 15. Bh6 Rg8 16. e5 Rc8 17. Ne4 Bc6 18. Neg5 Bxg5 19. Nxg5 Qd7 20. Rfd1 f6 21. exf6 Nxf6 22. d5 exd5 23. Qc3 Rcf8 24. Bxf8 Rxf8 25. Qc5 Ra8 26. Re1 Nb5 27. Re7 Qd6 28. Nf7+ 1-0